Anime Character By Silhouette - Statistics

General Stats
  • This quiz has been taken 429 times
    423 since last reset
  • The average score is 13 of 28
Answer Stats
Picture Answer % Correct
Satoru Gojo
88%
Son Goku
85%
Monkey D. Luffy
84%
Naruto Uzumaki
83%
Saitama
81%
Ryuk
78%
Inosuke Hashibira
76%
Frieren
66%
Usagi Tsukino
66%
Hisoka Morow
64%
Onix
62%
Kusuo Saiki
57%
Shigeo Kageyama
55%
Power
47%
Asta
44%
Koro-sensei
43%
Emma
38%
Levi Ackerman
36%
Spike Spiegel
31%
Joseph Joestar
29%
Inuyasha
28%
Alphonse Elric
27%
Sebastian Michaelis
23%
Asuna Yuuki
17%
Soma Yukihira
14%
Misato Katsuragi
13%
Akira Fudo
4%
Mary Saotome
4%
No matching quizzes found
Score Distribution
Percent of People with Each Score
Percentile by Number Answered
Your Score History
You have not taken this quiz since the last reset